Pays les plus proches de Antigua-et-Barbuda - Mort subite - Statistiques

Statistiques générales
  • Ce quiz a été pris 47 fois
    24 depuis la dernière actualisation
  • Le résultat moyen est 7 sur 15
Answers on the Grid
Answers color-coded by a green-red scale on the quiz's grid according to % correct below.
Saint-Kitts-et-Nevis
Dominique
Sainte-Lucie
Saint-Vincent-et-les-Grenadines
Barbade
Grenade
Trinité-et-Tobago
République dominicaine
Venezuela
Haïti
Guyana
Colombie
Bahamas
Cuba
Brésil
États-Unis
Canada
Jamaïque
Mexique
Belize
Guatemala
Honduras
El Salvador
Nicaragua
Costa Rica
Panama
Argentine
Pérou
Bolivie
Paraguay
 
Statistiques - réponses
Réponse % Correct
Saint-Vincent-et-les-Grenadines
73%
Barbade
64%
Haïti
64%
République dominicaine
64%
Dominique
55%
Sainte-Lucie
55%
Trinité-et-Tobago
55%
Bahamas
45%
Cuba
36%
Grenade
36%
Saint-Kitts-et-Nevis
36%
Brésil
27%
Colombie
27%
Guyana
27%
Venezuela
27%
Aucun quiz correspondant
Distribution des résultats
% des personnes avec chaque résultat
Percentile par nombre de réponses
Votre historique - résultats
Vous n’avez pas pris ce quiz depuis la dernière actualisation